01462nam a2200361Ia 4500001001200000003000800012006001900020007001500039008004100054010001700095020001800112020001800130040002100148035002100169043001200190050002400202082002400226100003400250245012500284260004900409300001500458490006400473504005100537533015200588650002100740650006500761650003600826655002900862710001700891830004900908856012600957999001701083ebr10622745CaPaEBRm u cr cn|||||||||110519s2011 txu sb 001 0 eng d z 2011021152 z9781593324728 z9781593326869 aCaPaEBRcCaPaEBR a(OCoLC)817561713 an-us---14aJV6475b.F38 2011eb04a305.9/0691209732231 aFaulkner, Caroline L.,d1976-10aEconomic mobility and cultural assimilation among children of immigrantsh[electronic resource] /cCaroline L. Faulkner. aEl Paso [Tex.] :bLFB Scholarly Pub.,c2011. axv, 225 p.1 aThe new Americans : recent immigration and American society aIncludes bibliographical references and index. aElectronic reproduction.bPalo Alto, Calif. :cebrary,d2011.nAvailable via World Wide Web.nAccess may be limited to ebrary affiliated libraries. 0aAmericanization. 0aChildren of immigrantszUnited StatesvLongitudinal studies. 0aSocial mobilityzUnited States. 7aElectronic books.2local2 aebrary, Inc. 0aNew Americans (LFB Scholarly Publishing LLC)40uhttp://site.ebrary.com/lib/rucke/Doc?id=10622745zAn electronic book accessible through the World Wide Web; click to view c56262d56262